| 000 | 00427nam a2200157 a 4500 | ||
|---|---|---|---|
| 082 | 0 | 0 |
_a297.1 _bKAM |
| 100 | _aKamal-Ud-Din, Khwaja | ||
| 245 | _aIslam and Civilization | ||
| 260 |
_aWoking _bWoking Muslim Mission and Literary Trust _c1931 |
||
| 300 | _a146p. | ||
| 500 | _aincludes index and biblioraphy | ||
| 505 | 2 | _aacc no 1649 is archives | |
| 650 | _aIslam-Meccan Trade | ||
| 700 | 1 | _aKamal-Ud-Din, Khwaja | |
| 942 | _cBK | ||
| 999 |
_c1722 _d1722 |
||